| 000 | 00620nam a2200229 i 4500 | ||
|---|---|---|---|
| 001 | 94185 | ||
| 003 | ES-MaACL | ||
| 005 | 20250911062648.0 | ||
| 007 | t| | ||
| 008 | 050630s2005 sp ||||1| spa d | ||
| 020 | _a84-233-3703-0 | ||
| 080 | _a821.134.2-31"19" | ||
| 100 | 1 |
_aZarraluki, Pedro. _9118084 |
|
| 245 | 1 | 3 |
_aUn encargo dificil / _cPedro Zarraluki. |
| 250 | _a1ª ed. | ||
| 260 |
_aBarcelona : _bDestino, _c2005. |
||
| 300 |
_a253 p. ; _c24 cm. |
||
| 490 | 1 |
_aAncora y delfín ; _v1020 |
|
| 830 | 0 | 0 |
_aÁncora y Delfín _v1020 _9151298 |
| 852 |
_aES-MaACL _jL-29232 _bR.135831 |
||
| 999 |
_c94185 _d94185 |
||